LEADER 01581nam a2200301 i 4500 001 000000079145 003 CaOOAMICUS 005 20170328000000.0 008 170328s1993 it u000 u ita u 013 $a51382 020 $a88-348-3017-2 040 $aSeMil$bita 100 1 $aAymans, Winfried <1936- >.$0(OLS)http://semarc/name/852 245 10$aDiritto canonico e comunione ecclesiale :$bsaggi di diritto canonico in prospettiva teologica /$cWinfried Aymans ; Traduzione italiana a cura di R. Bertolino e L. Mangels Giannachi. 260 $aTorino :$bGiappichelli,$c1993. 300 $aXII, 228 p. ;$c23 cm. 490 0 $aCollana di studi di diritto canonico ed ecclesiastico. Sezione canonistica ;$v10 650 4$aDiritto canonico - Studi.$0(OLS)http://semarc/subject/1680 650 4$aTeologia del diritto.$0(OLS)http://semarc/subject/4769 700 1 $aMangels Giannachi, Luiselotte.$0(OLS)http://semarc/name/91166 700 1 $aBertolino, Rinaldo,$d<1940- >.$0(OLS)http://semarc/name/3376 830 0$aCollana di studi di diritto canonico ed ecclesiastico. Sezione canonistica ;$v10.$0(OLS)http://semarc/title/8580 850 $aSeMil 852 $aSeMil$W1$xVenegono$y1$m2H III 36$j44903$B44903$CSeMilBibl$Z2$F46741 $81 961 $aLascito: Coronelli don Renato 996 $6020$a88-348-3017-2$9(OLS)http://semarc/number/270381 996 $6245$aDiritto canonico e comunione ecclesiale :$bsaggi di diritto canonico in prospettiva teologica$9(OLS)http://semarc/title/403168 996 $6260$aTorino :$bGiappichelli$9(OLS)http://semarc/publisher/31793 LEADER 01299nam a2200313 i 4500 001 000000115024 003 CaOOAMICUS 005 20030509000000.0 008 030509s1997 it u000 u ita u 013 $a87712 020 $a88-372-1646-7 040 $aSeMil$bita 100 1 $aLohfink, Norbert,$c.$0(OLS)http://semarc/name/15918 240 10$aKohelet.$0(OLS)http://semarc/title/168314 240 00$aBibbia. Antico Testamento. Qoèlet.$0(OLS)http://semarc/title/123482 245 10$aQohelet /$cNorbert Lohfink. 260 $aBrescia :$bMorcelliana,$c1997. 300 $a149 p. ;$c23 cm. 490 0 $aL'Antico Testamento commentato 500 $aContiene : Bibliografia. - Fondo Card. C.M. Martini. 650 4$aBibbia. Antico Testamento. Qohelet - Commentari, studi, critica, interpretazioni.$0(OLS)http://semarc/subject/6967 830 2$aL'Antico Testamento commentato.$0(OLS)http://semarc/title/12213 850 $aSeMil 852 $aSeMil$W1$xVenegono$y1$m2V III 188$j70562$B70562$CSeMilBibl$Z2$F82770 $81 941 1 $a4 961 $aOmaggio: Martini Card. Carlo Maria 996 $6020$a88-372-1646-7$9(OLS)http://semarc/number/98609 996 $6245$aQohelet$9(OLS)http://semarc/title/127265 996 $6260$aBrescia :$bMorcelliana$9(OLS)http://semarc/publisher/29629